| 000 | 01004caa a2200325 i 4500 | ||
|---|---|---|---|
| 999 |
_c200449994 _d68206 |
||
| 001 | 59937 | ||
| 003 | TR-AnTOB | ||
| 005 | 20240920073833.0 | ||
| 007 | ta | ||
| 008 | 110312s1971 tu 000 0 tur|d | ||
| 040 |
_aTVV _beng _erda _cTVV _dTR-AnTOB |
||
| 041 | 0 | _atur | |
| 049 | _aSULB | ||
| 050 | 0 |
_aHJ2906.5 _b.B85 1971 |
|
| 090 |
_aTOBBK HJ2906.5 _b.B85 1971 |
||
| 100 | 1 |
_aBulutoğlu, Kenan _932125 |
|
| 245 | 1 | 0 |
_aTürk vergi sistemi / _cKenan Bulutoğlu. |
| 264 | 3 |
_aİstanbul : _bFakülteler Matbaası, _c1971. |
|
| 300 |
_a757 pages ; _c24 cm |
||
| 336 |
_atext _btxt _2rdacontent |
||
| 337 |
_aunmediated _bn _2rdamedia |
||
| 338 |
_avolume _bnc _2rdacarrier |
||
| 490 | 0 | _aBatı Türkeli Yayıncılık. | |
| 500 | _aYeni yasalara göre güncelleştirilmiş 8. baskı. --t.p. note. | ||
| 650 | 7 |
_aVergilendirme _xHukuk ve mevzuat _zTürkiye _2 _937 |
|
| 650 | 0 |
_aTaxation _xLaw and legislation _zTurkey _919739 |
|
| 942 |
_cBK _2z |
||